00403nam a2200145Ia 4500003000400000005001700004008004000021040000700061041000800068082001100076100002200087245010700109260003300216300000800249OSt20240307115535.0210210b1913 xxu||||| |||| 00| 0 eng d cAL aeng a321/63 aPROTHERO (G W) Ed aSelect statutes and other constitutional documents illustrative of the reigns of Elizabeth and James I bAt the Clarendon Pressc1913 a490